000 00601nam a2200181Ia 4500
008 090123s9999 xx 000 0 und d
082 _b33731
_a923.254/खाडिल
100 _aखाडिलकर नीलकंठ यशवंत
245 _aनेताजी
250 _a1
260 _bपरचुरे प्रकाशन
_c1999
300 _a113
600 _aखाडिलकर नीलकंठ यशवंत
630 _aनेताजी
700 _aखाडिलकर नीलकंठ यशवंत
730 _aनेताजी
942 _cBOOK
999 _c71787
_d71787